| 000 | 01406nam a22002297a 4500 | ||
|---|---|---|---|
| 999 |
_c22017 _d22017 |
||
| 003 | AR-CdUCM | ||
| 008 | 190425b ||||| |||| 00| 0 spa d | ||
| 040 |
_aMUNICIPALIDAD PROVINCIAL DEL CUSCO _cBIBLIOTECA MUNICIPAL DEL CUSCO |
||
| 082 | _aCuzcoactual/N°3/1954 | ||
| 245 | _aCuzco actual / | ||
| 260 |
_aCusco. _bNoticias e informaciones, _bFuturo, _c1954. |
||
| 300 |
_a36 páginas. : _c16 cm. |
||
| 440 |
_aCuzco Actual. _nN°3,1954 _947175 |
||
| 505 | _aContenido: Nuestra opinión, el Estadio Universitario. -- El escandalo de Armiño Negro. -- Fraternidad internacional de peluqueros. -- El sentido de las cosas. -- No tendrá casa. -- Notas obreras. -- Del Sindicato textil. -- Monroy a la vista. -- Los artesanos se mueven. -- Exposición de industrias. -- Planta eléctrica en Urcos. -- En el día de la Madre. -- Libertador Ramón Castilla. -- Oficialización de peluqueros. -- El día de la Agricultura. -- Acontecimientos de la quincena en provincias. Urubamba, Canas, Paucartambo. -- Científico cusqueño alcanza celebridad internacional. -- Chistes, anécdotas, poesías, notas, personajes, paisajes, noticias. | ||
| 650 |
_aHistorias del Cusco _947166 |
||
| 650 |
_aProvincias del Cusco _934880 |
||
| 650 |
_aSiglo XX _947176 |
||
| 700 |
_aBarrionuevo Navarro, Leandro _eDirector _947177 |
||
| 700 |
_aBarrionuevo Sánchez, Armando _eDirector _931129 |
||
| 942 |
_2ddc _cPP |
||
| 945 | _avhl | ||